000 01035nam a2200217Ia 4500
003 Ost
005 20260507075409.0
008 260507s9999||||xx |||||||||||||| ||und||
020 _a34032499579
040 _cfsecg
041 _aara
100 _aالرماحي، نواف محمد عباس
_eمؤلف
245 0 _aالمحاسبة الحكومية /
_c نواف محمد عباس الرماحي
260 _aعمان:
_bدار صفاء للننشر والتوزيع,
_c2009
300 _a452 صفحة؛
_bإيضاحات ؛
_c24 سم
504 _aالمراجع ص.451
520 _aيضم المفهوم العام للمحاسبة الحكومية، هيكل النظام المحاسبي الحكومي، الرقابة المالية الحكومية، المحاسبة العامة للدولة، الايرادات العامة للدولة، النفقات العامة للدولة، الحسابات الجارية
653 _aالمحاسبة
653 _aالمحاسبة الحكومية
942 _cكتاب
999 _c44367
_d44367